Score 0/20 Timer 04:00
0 Plays Today
Character Initials Book % Correct
RW, DM, HPHarry Potter
89.6%
JG, TB, NCThe Great Gatsby
35.4%
EB, WC, FDPride and Prejudice
31.3%
LJS, JH, BBTreasure Island
31.3%
OT, BS, ADOliver Twist
25%
BB, WS, JO1984
22.9%
FB, SG, LGThe Lord of the Rings
20.8%
JF, SF, BRTo Kill a Mockingbird
18.8%
AK, AV, KLAnna Karenina
18.8%
AD, ZB, FPThe Hitchhiker's Guide to the Galaxy
18.8%
Character Initials Book % Correct
RDW, MDW, JFRebecca
16.7%
VF, EL, HCFrankenstein
14.6%
RM, JC, MVRomeo and Juliet
10.4%
ED, FM, AFThe Count of Monte Cristo
8.3%
SC, CD, LMA Tale of Two Cities
8.3%
RL, SN, JSThe Da Vinci Code
8.3%
LP, PP, WWThe Lion, the Witch and the Wardrobe
6.3%
DG, HW, BHThe Picture of Dorian Gray
4.2%
MT, B, MThe Wind in the Willows
4.2%
MM, LC, HWBrave New World
2.1%
Remove Ads.
Support Sporcle.
Get the best of Sporcle when you Go Orange. This ad-free experience offers more features, more stats, and more fun while also helping to support Sporcle. Thank you for becoming a member.

You're not logged in!

Compare scores with friends on all Sporcle quizzes.
OR
Log In

Show Comments

Extras

Top Quizzes Today


Score Distribution

Your Account Isn't Verified!

In order to create a playlist on Sporcle, you need to verify the email address you used during registration. Go to your Sporcle Settings to finish the process.

Report this User

Report this user for behavior that violates our Community Guidelines.

Details: